000 00360nam a2200133 a 4500
001 000031968
005 20200930063324.0
008 110707s19uu dr 000 0 spa d
040 _aDO-SdBNP
_bspa
_cBNPHU
100 1 _aDelanoy, Oscar
_957393
245 1 0 _aDoña Lola /
_cOscar Delanoy.
260 _c[Santo Domingo :
_bs.n,
_c196?].
300 _a[80] p. ;
_c23 cm.
999 _c31459
_d31459